Bairnsdale Line (V/Line) - Statistics

General Stats
  • This quiz has been taken 47 times
  • The average score is 22 of 24
Answer Stats
# Answer % Correct
1 Bairnsdale
100%
23 Flinders Street
100%
7 Moe
100%
6 Morwell
100%
17 Pakenham
100%
24 Southern Cross
100%
5 Traralgon
100%
21 Caulfield
95%
19 Dandenong
95%
16 Nar Nar Goon
95%
22 Richmond
95%
8 Trafalgar
95%
10 Warragul
95%
20 Clayton
90%
4 Rosedale
90%
3 Sale
90%
9 Yarragon
90%
11 Drouin
86%
14 Garfield
86%
2 Stratford
86%
18 Berwick
81%
13 Bunyip
81%
15 Tynong
76%
12 Longwarry
67%
No matching quizzes found
Score Distribution
Percent of People with Each Score
Percentile by Number Answered
Your Score History
You have not taken this quiz